Property Litigation Association Birmingham Seminar (Record no. 109186)
[ view plain ]
| 000 -LEADER | |
|---|---|
| fixed length control field | 01053cad a22002655a 4500 |
| 001 - CONTROL NUMBER | |
| control field | L146465 |
| 008 - FIXED-LENGTH DATA ELEMENTS--GENERAL INFORMATION | |
| fixed length control field | 080430s2008 xxk f 100 0 eng d |
| 035 ## - SYSTEM CONTROL NUMBER | |
| System control number | (Sirsi) u146465 |
| 041 0# - LANGUAGE CODE | |
| Language code of text/sound track or separate title | eng |
| 050 04 - LIBRARY OF CONGRESS CALL NUMBER | |
| Classification number | 346.41043 $2 18 |
| 111 2# - MAIN ENTRY--MEETING NAME | |
| Meeting name or jurisdiction name as entry element | Property Litigation Association Seminar |
| Number [OBSOLETE] | Birmingham |
| 245 00 - TITLE STATEMENT | |
| Title | Property Litigation Association Birmingham Seminar |
| Remainder of title | December 2008 |
| Medium | [electronic resource] |
| 260 ## - PUBLICATION, DISTRIBUTION, ETC. | |
| Place of publication, distribution, etc. | [S.l.] |
| Name of publisher, distributor, etc. | PLA |
| Date of publication, distribution, etc. | 2008 |
| 505 2# - FORMATTED CONTENTS NOTE | |
| Formatted contents note | Tenant insolvency: remedies and procedures -- CVAs: the rough guide -- Balancing the interests of landlords and creditors in pre-pack administrations |
| 520 ## - SUMMARY, ETC. | |
| Summary, etc. | Collection of conference papers from the Property Litigation Association's 2008 seminar in Birmingham. |
| 521 2# - TARGET AUDIENCE NOTE | |
| Target audience note | Advanced |
| 590 ## - LOCAL NOTE (RLIN) | |
| Local note | KA |
| 651 #4 - SUBJECT ADDED ENTRY--GEOGRAPHIC NAME | |
| Geographic name | United Kingdom |
| Chronological subdivision | |
| 690 ## - LOCAL SUBJECT ADDED ENTRY--TOPICAL TERM (OCLC, RLIN) | |
| Topical term or geographic name as entry element | PROPERTY |
| 700 1# - ADDED ENTRY--PERSONAL NAME | |
| Personal name | Holland, David |
| 700 1# - ADDED ENTRY--PERSONAL NAME | |
| Personal name | Lamont, Camilla |
| 700 1# - ADDED ENTRY--PERSONAL NAME | |
| Personal name | Holland, Katharine |
| 856 40 - ELECTRONIC LOCATION AND ACCESS | |
| Uniform Resource Identifier | <a href="https://www.pla.org.uk/library/conference_papers">https://www.pla.org.uk/library/conference_papers</a> |
| Public note | View the conference papers free of charge at www.pla.org.uk... |
| 942 ## - ADDED ENTRY ELEMENTS (KOHA) | |
| Suppress in OPAC | 0 |
| Withdrawn status | Lost status | Source of classification or shelving scheme | Damaged status | Not for loan | Home library | Current library | Shelving location | Date acquired | Total Checkouts | Full call number | Barcode | Date last seen | Copy number | Price effective from | Koha item type |
|---|---|---|---|---|---|---|---|---|---|---|---|---|---|---|---|
| Dewey Decimal Classification | Virtual | Virtual | Online | 22/01/2009 | ONLINE PUBLICATION | 146465-2001 | 06/08/2019 | 1 | 06/08/2019 | Book |